Predators of the wild lion [
| Main Author: | |
|---|---|
| Format: | Book |
| Published: |
s.l :
Warner Bros ,
1992
|
| Subjects: |
MARC
| LEADER | 00000cam a2200000 7i4500 | ||
|---|---|---|---|
| 001 | 0000055534 | ||
| 005 | 20020530.0 | ||
| 090 | 0 | 0 | |a 599.759 |b PRE |
| 100 | 1 | |a Barlett, Jen | |
| 245 | 1 | 0 | |a Predators of the wild lion [ |h video compact disc] |c Jen Barlett |
| 260 | |a s.l : |b Warner Bros , |c 1992 | ||
| 300 | |a 1 Video compact disc (52 minutes) : |b col | ||
| 500 | |a Library has 2 copies | ||
| 650 | 0 | 0 | |a Lions |
| 999 | |a AV 04207 |b VIDEO COMPACT DISC |c PINJAMAN |e PERPUSTAKAAN KOMUNITI PETALING JAYA | ||
| 999 | |a AV 04208 |b VIDEO COMPACT DISC |c PINJAMAN |e PERPUSTAKAAN KOMUNITI PETALING JAYA | ||